| 000 | 00704nam a22001937a 4500 | ||
|---|---|---|---|
| 005 | 20251108171917.0 | ||
| 008 | 250721s2003 xx 000 0 ara d | ||
| 082 | 1 | 4 | _a210.42956411/نزا |
| 100 | 1 | _aنزال، شوقي عبد السلام | |
| 245 | 1 | 0 | _aالقدس نداء صارخ وصيحة مدوية من المسجد الأقصى في فلسطين لأبناء العروبة والإصلاح من المحيط الهادر الى الخليج الثاثر / |
| 264 | 1 |
_aعمان : _c2003. |
|
| 300 | _a80ص. | ||
| 650 | 1 | 7 | _aتاريخ القدس |
| 650 | 1 | 7 | _aفلسطين |
| 650 | 1 | 7 | _aالإسلام |
| 650 | 1 | 7 | _aالبلدان العربية |
| 942 |
_2ddc _cBK |
||
| 999 |
_c65724 _d65724 |
||